Crónica de la Codificación Española. 2 Procedimiento civil.

Guardat en:
Dades bibliogràfiques
Format: Llibre
Publicat: Madrid, España: Ministerio de Justicia, Comisión General de Codificación, 1972.
Matèries:
Etiquetes: Afegir etiqueta
Sense etiquetes, Sigues el primer a etiquetar aquest registre!

MARC

LEADER 00000nam a22000007a 4500
003 CL-VaPUC
005 20220822114707.0
008 220721t1972 ||||| |||| 00| 0 eng d
999 |c 437412  |d 437410 
040 |c Pontificia Universidad Católica de Valparaíso 
082 7 |a 346.46 CRO 1972  |2 22 
245 |a Crónica de la Codificación Española.  |b 2 Procedimiento civil. 
260 |a Madrid, España:  |b Ministerio de Justicia, Comisión General de Codificación,  |c 1972. 
300 |a 339 páginas. 
500 |a c.1 Donación Familia Prof. Alejandro Guzmán Brito. 
583 |c 20220721  |k Cristina María Rojas Aguilar 
650 |a Procedimiento civil  |x Codificación   |y Historia   |z España  |9 873674 
942 |2 ddc  |c BK  |n 0 
952 |0 0  |1 0  |2 ddc  |4 0  |6 346_460000000000000_CRO_1972  |7 0  |8 C_AGB  |9 585176  |a BIBDER  |b BIBDER  |d 2022-07-21  |e Donación   |i 5653191  |o 346.46 CRO 1972  |p 5653191  |r 2023-01-25  |t 1  |w 2022-07-21  |y BK_US  |k AGB